000 01239nam a2200217 4500
008 171207b xxu||||| |||| 00| 0 eng d
020 _a9811259096
082 _22004
_aDC 610.730
_bSi3s
100 _924442
_aSilvestri, Linda Anne,author.
245 _aSaunders Q & A review for NCLEX-RN /
_c Linda Anne Silvestri.
250 _aSecond edition.
260 _aPhiladelphia :
_bW.B. Saunders,
_c ©2002.
300 _axvii, 941 pages ;
_c28 cm +
_e1 computer optical disc (4 3/4 in.).
500 _aIncludes bibliographical references.
505 _aNCLEX-RN preparation -- NCLEX-RN -- Profiles to success -- NCLEX-RN examination : from a student's perspective -- Test-taking strategies -- Client needs -- Client needs and the NCLEX-RN Test Plan -- Safe, effective care environment -- Physiological integrity -- Psychosocial integrity -- Health promotion and maintenance -- Integrated concepts and processes -- Integrated concepts and processes and the NCLEX-RN test plan -- Integrated concepts and processes -- Comprehensive test.
650 0 _924443
_aNursing
_xExaminations, questions, etc.
650 0 _924446
_aNursing, Practical.
650 0 _924445
_aNursing
_xOutlines, syllabi, etc.
365 _b798
_cPhp
942 _2ddc
_cDC
999 _c7951
_d7951